000
00228nam a2200109Ia 4500
008
240625s9999 xx 000 0 und d
041
_a
eng
082
_a
658.45 EME
100
_a
EMERY SUE
245
_a
OUTLOOK 3
260
_c
2007
999
_c
34126
_d
34126